| 000 | 00963nam a2200337Ia 4500 | ||
|---|---|---|---|
| 003 | GCL | ||
| 008 | 140319s9999 xx 000 0 ara d | ||
| 040 |
_aGCL / _cGCL |
||
| 082 | 0 | 4 |
_a709.1 _bس ف |
| 100 | 1 | _aسعاد ماهر محمد | |
| 245 | 1 | 0 |
_aالفنون الاسلامية / _cسعاد ماهر محمد |
| 260 |
_a[S.N] : _bالهيئة المصرية العامة للكتاب ، _c1986 |
||
| 300 | _a367 | ||
| 490 | _a | ||
| 650 | 0 | 4 | _aمصر |
| 650 | 0 | 4 | _aايران |
| 650 | 0 | 4 | _aدولة المماليك |
| 650 | 0 | 4 | _aالدولة الفاطمية |
| 650 | 0 | 4 | _aالمعادن |
| 650 | 0 | 4 | _aتركيا |
| 650 | 0 | 4 | _aالفن |
| 650 | 0 | 4 | _aالصناعات اليدوية |
| 650 | 0 | 4 | _aالدولة الايوبية |
| 650 | 0 | 4 | _aالفنون |
| 650 | 0 | 4 | _aالزجاج |
| 650 | 0 | 4 | _aالتصوير |
| 650 | 0 | 4 | _aالفنون الاسلامية |
| 650 | 0 | 4 | _aالسجاد |
| 650 | 0 | 4 | _aالخشب |
| 942 |
_2ddc _cBK |
||
| 999 |
_c36765 _d36765 |
||